000
00317nam a2200133Ia 4500
008
100328s9999 xx 000 0 und d
082
_b
49345
100
_a
पाडगावकर मंगेश
245
_a
गझल.
260
_b
मौज
630
_a
गझल.
730
_a
गझल.
942
_c
BOOK
999
_c
536763
_d
536760